[Event "2023 Perth Chess Club Championship"]
[Site "Woodvale, Perth WA AUS"]
[Date "2023.04.19"]
[Round "2"]
[White "Bordas, Lindsay"]
[Black "Leech, Martin"]
[Result "0-1"]
[WhiteElo "1056"]
[BlackElo "1424"]
[PlyCount "67"]
[EventDate "2023.04.12"]
[EventType "swiss"]
[EventRounds "7"]
[EventCountry "AUS"]
[TimeControl "3600+30"]

1. e4 e6 2. Nf3 c5 3. Bc4 Nc6 4. c3 d5 5. exd5 exd5 6. Bb5 Nf6 7. O-O Be7 8. d4
O-O 9. Bg5 c4 10. b3 Qb6 11. bxc4 a6 12. Bxc6 bxc6 13. c5 Qd8 14. Qd2 Ne4 15.
Qe3 Nxg5 16. Ne5 Qc7 17. Nxc6 Bf6 18. Nb4 Be6 19. Nd2 Rfe8 20. f4 Bf5 21. Qg3
Ne4 22. Nxe4 Bxe4 23. a4 a5 24. Na2 Rab8 25. Rac1 Rb2 26. Rf2 Rxf2 27. Qxf2 Rb8
28. c4 Bb1 29. Nc3 Be4 30. cxd5 Rb4 31. Nxe4 Bxd4 32. d6 Bxf2+ 33. Kxf2 Qc6 34.
Kf3 0-1

[Event "2023 Perth Chess Club Championship"]
[Site "Woodvale, Perth WA AUS"]
[Date "2023.04.19"]
[Round "2"]
[White "Hounsome, David"]
[Black "De Vas, Senudi"]
[Result "0-1"]
[WhiteElo "1393"]
[BlackElo "1037"]
[PlyCount "84"]
[EventDate "2023.04.12"]
[EventType "swiss"]
[EventRounds "7"]
[EventCountry "AUS"]
[TimeControl "3600+30"]

1. c4 e6 2. e4 Nf6 3. Nc3 Bb4 4. d3 O-O 5. g3 d5 6. cxd5 exd5 7. Bd2 dxe4 8.
Nxe4 Bxd2+ 9. Qxd2 Re8 10. Bg2 Bf5 11. O-O-O Nxe4 12. Bxe4 Bxe4 13. dxe4 Qxd2+
14. Rxd2 Nc6 15. f3 Rad8 16. Ne2 Rxd2 17. Kxd2 Rd8+ 18. Kc3 Rd6 19. Rf1 Rh6 20.
Rf2 Ne5 21. Nd4 a6 22. Rd2 Rd6 23. f4 Nc6 24. Nxc6 Rxc6+ 25. Kd3 Rd6+ 26. Ke3
Rxd2 27. Kxd2 Kf8 28. Kd3 Ke7 29. Kd4 f6 30. g4 Kd6 31. b4 b6 32. a4 c5+ 33.
bxc5+ bxc5+ 34. Kc4 h6 35. h4 g5 36. hxg5 hxg5 37. e5+ fxe5 38. fxg5 e4 39. g6
Ke6 40. g5 Ke7 41. Kc3 Kf8 42. Kd2 c4 0-1

[Event "2023 Perth Chess Club Championship"]
[Site "Woodvale, Perth WA AUS"]
[Date "2023.04.19"]
[Round "2"]
[White "Frankland, David"]
[Black "Powell, Darren"]
[Result "0-1"]
[WhiteElo "1047"]
[BlackElo "1355"]
[PlyCount "72"]
[EventDate "2023.04.12"]
[EventType "swiss"]
[EventRounds "7"]
[EventCountry "AUS"]
[TimeControl "3600+30"]

1. e4 e5 2. Nf3 Nc6 3. c3 d6 4. Bb5 Nge7 5. d4 a6 6. Bxc6+ Nxc6 7. d5 Ne7 8.
Na3 Bd7 9. h3 c6 10. c4 h6 11. Bd2 Qb6 12. b3 g6 13. O-O Bg7 14. Be3 Qc7 15. c5
dxc5 16. Bxc5 Qa5 17. Bxe7 Kxe7 18. d6+ Ke8 19. Nc4 Qc5 20. Qd2 b5 21. Nb2 f6
22. b4 Qb6 23. Nh4 Kf7 24. a4 Qb7 25. a5 c5 26. f3 cxb4 27. Qxb4 Qa7+ 28. Kh2
Qe3 29. Rfe1 Qf2 30. Rec1 Qxh4 31. Rc7 Rhd8 32. Qb3+ Ke8 33. Rac1 Qf4+ 34. g3
Qd2+ 35. Kh1 Bxh3 36. Qe6+ Bxe6 0-1

[Event "2023 Perth Chess Club Championship"]
[Site "Woodvale, Perth WA AUS"]
[Date "2023.04.26"]
[Round "3"]
[White "Laubbacher, Jamie"]
[Black "Lakner, Jay"]
[Result "0-1"]
[WhiteElo "1904"]
[BlackElo "2047"]
[PlyCount "46"]
[EventDate "2023.04.12"]
[EventType "swiss"]
[EventRounds "7"]
[EventCountry "AUS"]
[TimeControl "3600+30"]

1. e4 e5 2. Nf3 Nf6 3. Nc3 Nc6 4. a4 a6 5. d4 exd4 6. Nxd4 Bb4 7. Nxc6 bxc6 8.
Bd3 d6 9. O-O Ng4 10. Bf4 g5 11. Bd2 Qf6 12. Be2 h5 13. Nd5 Qe5 14. Bf4 gxf4
15. Nxb4 f3 16. g3 fxe2 17. Qxe2 h4 18. Nd3 Qg7 19. e5 dxe5 20. f4 hxg3 21.
hxg3 Be6 22. Nc5 Bd5 23. Ne4 f5 0-1

[Event "2023 Perth Chess Club Championship"]
[Site "Woodvale, Perth WA AUS"]
[Date "2023.04.26"]
[Round "3"]
[White "Gibson, Jacob"]
[Black "Barry, David"]
[Result "1/2-1/2"]
[WhiteElo "1964"]
[BlackElo "1897"]
[PlyCount "100"]
[EventDate "2023.04.12"]
[EventType "swiss"]
[EventRounds "7"]
[EventCountry "AUS"]
[TimeControl "3600+30"]

1. e4 c5 2. Nf3 d6 3. d4 cxd4 4. Nxd4 Nf6 5. Nc3 a6 6. Be3 e5 7. Nb3 Be6 8. f3
h5 9. Qd2 Nbd7 10. O-O-O Rc8 11. Qf2 Be7 12. Kb1 b5 13. Nd5 Nxd5 14. exd5 Bf5
15. Bd3 Bxd3 16. Rxd3 Bg5 17. h4 Bxe3 18. Qxe3 Nc5 19. Nxc5 Rxc5 20. f4 f6 21.
Qe2 Qd7 22. fxe5 dxe5 23. Rhd1 Qd6 24. g4 g6 25. Qe4 Kf7 26. Rg1 Rc4 27. Qe2
hxg4 28. b3 Rf4 29. Rxg4 Rxh4 30. Rxh4 Rxh4 31. Qf2 g5 32. Qf5 e4 33. Rc3 Rh1+
34. Kb2 Qe5 35. Qxe5 fxe5 36. Re3 Rd1 37. c4 bxc4 38. bxc4 Rd4 39. Kc3 a5 40.
Re1 Rd3+ 41. Kc2 Rd4 42. Kb3 g4 43. Rg1 e3 44. Kc3 Ke7 45. Re1 Re4 46. c5 g3
47. d6+ Kd7 48. Kd3 Rd4+ 49. Kxe3 Kc6 50. Kf3 Kxc5 1/2-1/2

[Event "2023 Perth Chess Club Championship"]
[Site "Woodvale, Perth WA AUS"]
[Date "2023.04.26"]
[Round "3"]
[White "Hernandez Mendez, Iker"]
[Black "Plaganyi, Gyula"]
[Result "1-0"]
[WhiteElo "1842"]
[BlackElo "1935"]
[BlackTitle "CM"]
[PlyCount "83"]
[EventDate "2023.04.12"]
[EventType "swiss"]
[EventRounds "7"]
[EventCountry "AUS"]
[TimeControl "3600+30"]

1. e4 c5 2. Nf3 g6 3. c3 Bg7 4. d4 cxd4 5. cxd4 d5 6. e5 Bg4 7. Bb5+ Nc6 8.
Bxc6+ bxc6 9. Nbd2 Nh6 10. O-O O-O 11. h3 Bxf3 12. Nxf3 Qb6 13. Bf4 e6 14. Qd2
Nf5 15. Rac1 Rfc8 16. g4 Ne7 17. Bg5 Kf8 18. Rc5 Ng8 19. Rfc1 Ke8 20. R1c3 Bf8
21. Rb3 Qc7 22. Rc2 Rab8 23. Rxb8 Qxb8 24. Qa5 Qb6 25. Qa4 h6 26. Bd2 a6 27.
Rc3 Qb5 28. Qc2 c5 29. a4 Qb6 30. dxc5 Rxc5 31. Be3 Rxc3 32. Qxc3 Qb7 33. Nd4
Ne7 34. Nb3 Nc6 35. Nc5 Qb4 36. Nxa6 Qxa4 37. Nb8 Ne7 38. Qc7 d4 39. b3 Qb5 40.
Bxd4 Nd5 41. Qc8+ Ke7 42. Bc5+ 1-0

[Event "2023 Perth Chess Club Championship"]
[Site "Woodvale, Perth WA AUS"]
[Date "2023.04.26"]
[Round "3"]
[White "Maris, Rob"]
[Black "Doshi, Chirag"]
[Result "1-0"]
[WhiteElo "2050"]
[BlackElo "1861"]
[PlyCount "52"]
[EventDate "2023.04.12"]
[EventType "swiss"]
[EventRounds "7"]
[EventCountry "AUS"]
[TimeControl "3600+30"]

1. c4 e5 2. Nc3 f5 3. g3 Nf6 4. Bg2 Bc5 5. e3 e4 6. f3 exf3 7. Nxf3 O-O 8. O-O
c6 9. d4 Be7 10. d5 d6 11. Nd4 cxd5 12. cxd5 g6 13. b4 Na6 14. Qb3 Bd7 15. h3
Kg7 16. Bb2 Qb6 17. a3 h6 18. Rad1 Kh7 19. Kh2 Rac8 20. Ba1 Nh5 21. Bf3 Nf6 22.
e4 fxe4 23. Nxe4 Nxe4 24. Bxe4 Bf6 25. Qd3 Be8 26. Ne6 Be7 1-0

[Event "2023 Perth Chess Club Championship"]
[Site "Woodvale, Perth WA AUS"]
[Date "2023.04.26"]
[Round "3"]
[White "Saxon, Marc"]
[Black "Wolstencroft, Alan"]
[Result "0-1"]
[WhiteElo "2014"]
[BlackElo "1849"]
[PlyCount "66"]
[EventDate "2023.04.12"]
[EventType "swiss"]
[EventRounds "7"]
[EventCountry "AUS"]
[TimeControl "3600+30"]

1. e4 c5 2. Nf3 d6 3. d4 cxd4 4. Nxd4 Nf6 5. Nc3 a6 6. Bg5 e6 7. f4 Qc7 8. Qf3
b5 9. Bd3 Nbd7 10. O-O-O b4 11. Nce2 Bb7 12. Qh3 Nc5 13. Ng3 Rc8 14. e5 dxe5
15. fxe5 Qxe5 16. Qh4 Be7 17. Bc4 Nd5 18. Bxe7 Nxe7 19. Rhe1 Qf6 20. Qg4 O-O
21. Nh5 Qg6 22. Qh4 Nf5 23. Nxf5 exf5 24. g4 Bf3 25. Rd4 Bxg4 26. Nf4 Qh6 27.
Qxh6 gxh6 28. Nd5 Rcd8 29. Rf4 Kh8 30. Re3 Ne6 31. Rf2 f4 32. Nxf4 Nxf4 33.
Rxf4 Rd1# 0-1

[Event "2023 Perth Chess Club Championship"]
[Site "Woodvale, Perth WA AUS"]
[Date "2023.04.26"]
[Round "3"]
[White "Clarke, Daniel"]
[Black "Roebuck, Derek"]
[Result "1-0"]
[WhiteElo "1880"]
[BlackElo "1804"]
[PlyCount "121"]
[EventDate "2023.04.12"]
[EventType "swiss"]
[EventRounds "7"]
[EventCountry "AUS"]
[TimeControl "3600+30"]

1. e4 e5 2. Nf3 Nc6 3. Bb5 a6 4. Ba4 Nf6 5. O-O Bc5 6. c3 b5 7. Bc2 d5 8. d4
dxe4 9. Nxe5 Nxe5 {(=)} 10. dxc5 Qe7 11. Bxe4 Bg4 12. Qc2 Rd8 13. Bg5 h6 14.
Bh4 O-O 15. Bxf6 Qxf6 16. Nd2 Be2 17. Bh7+ Kh8 18. Ne4 Bd3 19. Nxf6 Bxc2 20.
Bxc2 gxf6 21. Rad1 Kg7 22. Rd4 Rxd4 23. cxd4 Nc6 24. Rd1 Rd8 25. d5 Ne7 26. d6
cxd6 27. Rxd6 Rxd6 28. cxd6 Nc6 29. Bf5 Kf8 30. Bd7 Nd8 31. b4 Nb7 32. a4 bxa4
33. Bxa4 Nxd6 34. f3 Ke7 35. Kf2 Nc4 36. Bd1 Kd6 37. Be2 Kd5 38. Bd3 Kd4 39.
Be4 Kc3 {(=)} 40. Bb7 Kxb4 41. Bxa6 Nd6 42. Bd3 Kc5 43. Kg3 Kd4 44. Bb1 Ke5 45.
Bc2 Nf5+ 46. Bxf5 Kxf5 47. f4 Kg6 48. Kg4 f5+ 49. Kh4 h5 50. Kg3 Kf6 51. Kh4
Kg6 52. Kg3 Kf6 53. Kf3 Ke6 54. Ke3 Kd7 55. Kd3 Ke6 56. Kc4 Kf6 57. Kd5 h4 58.
Kd6 h3 59. gxh3 Kg6 60. Ke5 f6+ 61. Ke6 1-0

[Event "2023 Perth Chess Club Championship"]
[Site "Woodvale, Perth WA AUS"]
[Date "2023.04.26"]
[Round "3"]
[White "O'Shaughnessy, Dave"]
[Black "Gough, Dylan"]
[Result "1-0"]
[WhiteElo "1986"]
[BlackElo "1745"]
[PlyCount "95"]
[EventDate "2023.04.12"]
[EventType "swiss"]
[EventRounds "7"]
[EventCountry "AUS"]
[TimeControl "3600+30"]

1. Nc3 e5 2. e4 Bc5 3. g3 Nf6 4. Bg2 c6 5. Nf3 d6 6. O-O h6 7. d3 Be6 8. Qe2
O-O 9. Be3 Bxe3 10. Qxe3 c5 11. Nd2 Nc6 12. h3 Nd4 13. Rac1 Nh7 14. f4 Qb6 15.
f5 Qxb2 16. fxe6 Qxc3 17. exf7+ Rxf7 18. Rxf7 Kxf7 19. Nc4 Ke7 20. a4 Rf8 21.
h4 Nxc2 22. Qe2 Qd4+ 23. Kh1 Rf2 24. Qg4 Kf7 25. Qd7+ Kg8 26. Qe6+ Kh8 27. Rxc2
Rf6 28. Qd5 Qa1+ 29. Kh2 Qxa4 30. Rb2 b6 31. Nxd6 Qd7 32. Qa8+ Rf8 33. Qd5 Qe7
34. Bh3 Nf6 35. Qe6 Qc7 36. Nf5 Re8 37. Qa2 Rd8 38. Qc4 Kh7 39. Rf2 Ne8 40. Ne3
Nf6 41. Nd5 Nxd5 42. exd5 Qd6 43. Qe4+ Kh8 44. Be6 a5 45. Rf7 Rf8 46. Qf5 Rxf7
47. Qxf7 Qd8 48. d6 1-0

[Event "2023 Perth Chess Club Championship"]
[Site "Woodvale, Perth WA AUS"]
[Date "2023.04.26"]
[Round "3"]
[White "Leech, Martin"]
[Black "De Vas, Saminda"]
[Result "0-1"]
[WhiteElo "1424"]
[BlackElo "2071"]
[PlyCount "118"]
[EventDate "2023.04.12"]
[EventType "swiss"]
[EventRounds "7"]
[EventCountry "AUS"]
[TimeControl "3600+30"]

1. e4 c5 2. Nf3 g6 3. d4 cxd4 4. Nxd4 Bg7 5. c4 Nc6 6. Be3 Nf6 7. Nc3 O-O 8.
Be2 Nxd4 9. Bxd4 d6 10. O-O Be6 11. Qd2 Qa5 12. Rfd1 Rfc8 13. b3 a6 14. f3 Bd7
15. Rac1 b5 16. cxb5 axb5 17. Bf1 b4 18. Ne2 Bb5 19. Rxc8+ Rxc8 20. a4 Bd7 21.
Kh1 Be6 22. Qb2 d5 23. exd5 Bxd5 24. Nf4 Bb7 25. Bc4 Rd8 26. Qe2 e5 27. Bxe5
Rxd1+ 28. Qxd1 Qxe5 29. Nd3 Qc3 30. h3 Bd5 31. Bxd5 Nxd5 32. a5 Qa1 33. Qxa1
Bxa1 34. a6 Bd4 35. g4 Kf8 36. Kg2 Ke7 37. Kf1 Kd6 38. Ke2 Kc7 39. Nc1 Nf4+ 40.
Kd2 Bc3+ 41. Kc2 Kb6 42. Na2 Kxa6 43. Nxc3 bxc3 44. Kxc3 Nxh3 45. Kd4 Ng5 46.
f4 Ne6+ 47. Ke5 h5 48. gxh5 gxh5 49. f5 Ng5 50. Kf4 f6 51. Kg3 Kb5 52. Kh4 Kb4
53. Kxh5 Kxb3 54. Kg6 Ne4 55. Kf7 Kc4 56. Ke6 Kd4 57. Kf7 Ke5 58. Kg6 Ng3 59.
Kh6 Kxf5 0-1

[Event "2023 Perth Chess Club Championship"]
[Site "Woodvale, Perth WA AUS"]
[Date "2023.04.26"]
[Round "3"]
[White "Stortz, Robert"]
[Black "Michael, Ashley"]
[Result "1-0"]
[WhiteElo "1870"]
[BlackElo "1540"]
[PlyCount "141"]
[EventDate "2023.04.12"]
[EventType "swiss"]
[EventRounds "7"]
[EventCountry "AUS"]
[TimeControl "3600+30"]

1. d4 Nf6 2. Nf3 c5 3. c3 Qb6 4. Qb3 cxd4 5. Nxd4 d5 6. Bf4 Nbd7 7. Qxb6 axb6
8. Nb5 Kd8 9. Bc7+ Ke8 10. Bg3 Kd8 11. e3 e5 12. Nd2 Nh5 13. Bh4+ f6 14. Be2 g6
15. c4 Ng7 16. cxd5 g5 17. Bg3 Bb4 18. h3 Nc5 19. Nc3 Bxc3 20. bxc3 Bf5 21. O-O
Ra3 22. c4 Bd3 23. Bxd3 Rxd3 24. Nb3 Nf5 25. Bh2 Nd6 26. Nxc5 bxc5 27. Rfc1 Kc7
28. a4 Ra8 29. Kf1 Rb3 30. a5 Rb4 31. f4 Nxc4 32. fxe5 fxe5 33. Ke2 Kd6 34. e4
Rxa5 35. Rxa5 Nxa5 36. Kd3 Rd4+ 37. Ke3 Nc4+ 38. Kf3 h5 39. Bg1 g4+ 40. hxg4
hxg4+ 41. Ke2 Rd2+ 42. Kf1 b5 43. Ra1 g3 44. Ra6+ Kd7 45. Bxc5 Rd1+ 46. Ke2
Rd2+ 47. Kf3 Rd3+ 48. Kg4 Ne3+ 49. Bxe3 Rxe3 50. Kf5 Rc3 51. Kxe5 b4 52. Rb6 b3
53. Kd4 Rc2 54. Rb7+ Kc8 55. Rxb3 Rxg2 56. Ke5 Rg1 57. Kd6 g2 58. Rb2 Re1 59.
Rxg2 Rxe4 60. Rg8+ Kb7 61. Rg7+ Kc8 62. Rc7+ Kd8 63. Ra7 Kc8 64. Re7 Rd4 65.
Re5 Kd8 66. Ke6 Rh4 67. d6 Rh6+ 68. Kd5 Rh7 69. Kc6 Rd7 70. Rh5 Kc8 71. Ra5 1-0

[Event "2023 Perth Chess Club Championship"]
[Site "Woodvale, Perth WA AUS"]
[Date "2023.04.26"]
[Round "3"]
[White "Janceski, Alex"]
[Black "Massam, Justin"]
[Result "1-0"]
[WhiteElo "1851"]
[BlackElo "1507"]
[PlyCount "69"]
[EventDate "2023.04.12"]
[EventType "swiss"]
[EventRounds "7"]
[EventCountry "AUS"]
[TimeControl "3600+30"]

1. d4 d5 2. c4 c6 3. e3 Nf6 4. h3 Bf5 5. Nd2 Nbd7 6. Ngf3 e6 7. a3 Bd6 8. Nh4
Be4 9. Nhf3 Bg6 10. b4 dxc4 11. Nxc4 Bc7 12. Bb2 b5 13. Ncd2 a5 14. Rc1 axb4
15. axb4 Nd5 16. Qb3 Ra4 17. Bc3 N7f6 18. Be2 Bd6 19. O-O Nxb4 20. Ne5 Be4 21.
Nxe4 Nxe4 22. Bxb4 Rxb4 23. Qc2 Bxe5 24. Qxc6+ Qd7 25. Qxe4 Bf6 26. Rb1 Rxb1
27. Rxb1 O-O 28. Bxb5 Qd6 29. Bd3 g6 30. h4 h5 31. g4 Bxh4 32. gxh5 Bg5 33.
hxg6 f5 34. Qh1 Qe7 35. Rb7 1-0

[Event "2023 Perth Chess Club Championship"]
[Site "Woodvale, Perth WA AUS"]
[Date "2023.04.26"]
[Round "3"]
[White "Powell, Darren"]
[Black "Curthoys, Edward"]
[Result "0-1"]
[WhiteElo "1355"]
[BlackElo "1826"]
[PlyCount "90"]
[EventDate "2023.04.12"]
[EventType "swiss"]
[EventRounds "7"]
[EventCountry "AUS"]
[TimeControl "3600+30"]

1. e4 c6 2. Nc3 d5 3. exd5 cxd5 4. d4 Nf6 5. h3 Nc6 6. Nf3 e6 7. a3 a6 8. Bf4
Bd6 9. Bg5 h6 10. Bxf6 Qxf6 11. Qd3 Bd7 12. O-O-O O-O 13. g3 b5 14. Nb1 b4 15.
Nfd2 bxa3 16. Nxa3 Qxd4 17. Qxd4 Nxd4 18. Nab1 Rfc8 19. Nc3 Bb4 20. Ndb1 Bxc3
21. Nxc3 Nb5 22. Rd3 Nxc3 23. Rxc3 Rxc3 24. bxc3 a5 25. Kb2 Kf8 26. Bg2 Bb5 27.
f4 Ke7 28. Re1 Kd6 29. Ka3 Rc8 30. Kb2 f6 31. h4 e5 32. Bh3 Rc7 33. fxe5+ fxe5
34. Rd1 e4 35. Bg2 Ke5 36. Ra1 a4 37. Re1 Rf7 38. Ka3 Rf2 39. Rb1 Bc4 40. Bh3
Rh2 41. Bg4 e3 42. Rb6 d4 43. cxd4+ Kxd4 44. Rd6+ Kc3 45. Rd7 Rxc2 0-1

[Event "2023 Perth Chess Club Championship"]
[Site "Woodvale, Perth WA AUS"]
[Date "2023.04.26"]
[Round "3"]
[White "Leonhardt, Wolfgang"]
[Black "Maujean, Jean Michel"]
[Result "1-0"]
[WhiteElo "1778"]
[BlackElo "1307"]
[PlyCount "72"]
[EventDate "2023.04.12"]
[EventType "swiss"]
[EventRounds "7"]
[EventCountry "AUS"]
[TimeControl "3600+30"]

1. e4 e5 2. Nf3 Nc6 3. Bc4 Bc5 4. O-O Nf6 5. d3 h6 6. c3 O-O 7. b4 Bd6 8. Bb3
Ne7 9. Qe2 Ng6 10. h3 c6 11. Nbd2 Bc7 12. c4 d6 13. Re1 Be6 14. Nf1 Nd7 15. Ne3
Qf6 16. Ng4 Bxg4 17. hxg4 Nf4 18. Bxf4 Qxf4 19. Nh2 Bb6 20. Qf3 Qd2 21. Rab1
Qxb4 22. g5 Qd2 23. gxh6 Qxh6 24. Ng4 Qg6 25. Ne3 Bd4 26. Nf5 Qf6 27. Nxd4 exd4
28. Qh3 Ne5 29. Rf1 Ng6 30. Bd1 b6 31. g3 Qe6 32. Bg4 Qe5 33. f4 Qa5 34. Rbd1
Qc3 35. Rf2 a6 36. Rh2 f6 1-0

[Event "2023 Perth Chess Club Championship"]
[Site "Woodvale, Perth WA AUS"]
[Date "2023.04.26"]
[Round "3"]
[White "Brooke, John"]
[Black "De Vas, Yonal"]
[Result "0-1"]
[WhiteElo "1301"]
[BlackElo "1631"]
[PlyCount "128"]
[EventDate "2023.04.12"]
[EventType "swiss"]
[EventRounds "7"]
[EventCountry "AUS"]
[TimeControl "3600+30"]

1. e4 c5 2. Nc3 g6 3. Bc4 Bg7 4. Nf3 Nc6 5. O-O Nf6 6. Re1 O-O 7. a3 d6 8. d3
a6 9. Be3 e6 10. Ba2 b5 11. Qc1 Bb7 12. Bh6 Re8 13. Bxg7 Kxg7 14. Qd2 Qb6 15.
h3 Rad8 16. Ne2 d5 17. e5 Nd7 18. Ng3 Qc7 19. Qg5 h6 20. Nh5+ Kh7 21. Nf6+ Nxf6
22. Qxf6 Qe7 23. c3 Qxf6 24. exf6 g5 25. Nh2 Kg6 26. Re3 Kxf6 27. Rae1 d4 28.
Rf3+ Kg6 29. Bb1 f5 30. g4 Na5 31. gxf5+ exf5 32. Rxe8 Rxe8 33. Ba2 Bxf3 34.
Nxf3 Re2 35. cxd4 cxd4 36. Nxd4 Rxb2 37. Bd5 Rd2 38. Nf3 Rd1+ 39. Kg2 Kf6 40.
d4 g4 41. hxg4 fxg4 42. Nh2 Rxd4 43. Ba2 Ra4 44. Bd5 h5 45. f3 gxf3+ 46. Bxf3
Kg5 47. Bd5 Rxa3 48. Nf3+ Rxf3 49. Bxf3 Nc4 50. Be2 a5 51. Kf2 Nd6 52. Bd3 b4
53. Bc2 Nb5 54. Ke3 h4 55. Kd3 h3 56. Kc4 Na3+ 57. Kb3 Nxc2 58. Kxc2 h2 59. Kb3
h1=Q 60. Ka4 Qa1+ 61. Kb3 Qa3+ 62. Kc4 Qc3+ 63. Kb5 b3 64. Ka4 Qb4# 0-1

[Event "2023 Perth Chess Club Championship"]
[Site "Woodvale, Perth WA AUS"]
[Date "2023.04.26"]
[Round "3"]
[White "De Vas, Senudi"]
[Black "Oswald, Franz"]
[Result "0-1"]
[WhiteElo "1037"]
[BlackElo "1620"]
[PlyCount "150"]
[EventDate "2023.04.12"]
[EventType "swiss"]
[EventRounds "7"]
[EventCountry "AUS"]
[TimeControl "3600+30"]

1. d4 Nf6 2. c4 e6 3. Nf3 b6 4. Nc3 Bb7 5. Bf4 Bb4 6. e3 O-O 7. Bd3 d5 8. O-O
c5 9. a3 Bxc3 10. bxc3 dxc4 11. Bxc4 Nd5 12. Bxd5 Bxd5 13. dxc5 bxc5 14. Re1
Nd7 15. e4 Bc6 16. Qd6 Ba4 17. Bg5 Qb6 18. Qxb6 axb6 19. Re2 f6 20. Bh4 e5 21.
Rd2 Ra7 22. Rd6 Rb8 23. Rb1 c4 24. Nd2 Bc2 25. Rb4 Bd3 26. Nxc4 Bxc4 27. Rxc4
Rxa3 28. h3 Nc5 29. f3 Kf7 30. Bf2 Na4 31. Rd7+ Kg6 32. Rd3 Nb2 33. Rc6 Nxd3
34. Bxb6 Ra2 35. g4 Nf4 36. h4 Rxb6 37. Rxb6 Ra7 38. c4 Rc7 39. Rb4 Nd3 40. Rb3
Nf4 41. Rb4 Kf7 42. Kf1 Ke7 43. Ra4 Kd6 44. Kf2 Nd3+ 45. Ke3 Nb2 46. Ra6+ Kd7
47. c5 Rxc5 48. Ra7+ Rc7 49. Rxc7+ Kxc7 50. f4 Nc4+ 51. Kf3 Kd6 52. h5 Kc5 53.
fxe5 Nxe5+ 54. Kf4 h6 55. Kf5 Kd6 56. Kf4 Ke6 57. Kg3 Nf7 58. Kf4 Ng5 59. Ke3
Ke5 60. Kd3 Nxe4 61. Ke3 Ng5 62. Kf2 Kf4 63. Kg2 Kxg4 64. Kh2 Kxh5 65. Kg3 Ne6
66. Kh3 f5 67. Kg3 g5 68. Kf3 Kh4 69. Kg2 g4 70. Kf2 f4 71. Kg2 f3+ 72. Kg1 Nf4
73. Kh2 f2 74. Kh1 f1=Q+ 75. Kh2 Qg2# 0-1

[Event "2023 Perth Chess Club Championship"]
[Site "Woodvale, Perth WA AUS"]
[Date "2023.04.26"]
[Round "3"]
[White "Garang, Kuol Awan"]
[Black "Wu, Kobe"]
[Result "1-0"]
[WhiteElo "1619"]
[BlackElo "1206"]
[PlyCount "133"]
[EventDate "2023.04.12"]
[EventType "swiss"]
[EventRounds "7"]
[EventCountry "AUS"]
[TimeControl "3600+30"]

1. e4 e5 2. f4 exf4 3. Nf3 Nc6 4. d4 d5 5. e5 Bg4 6. Bb5 Bxf3 7. Qxf3 Qh4+ 8.
Ke2 a6 9. Bxc6+ bxc6 10. Qxf4 Qxf4 11. Bxf4 Nh6 12. h3 g6 13. g4 Bg7 14. Nd2
O-O 15. Nb3 Rfe8 16. Kf3 Rab8 17. Rh2 Kh8 18. c3 Ng8 19. Nc5 a5 20. Re1 Ne7 21.
e6 fxe6 22. Bxc7 Rbc8 23. Bxa5 Rf8+ 24. Kg3 Ra8 25. b4 Bh6 26. Nxe6 Rf7 27. Rf2
Rxf2 28. Kxf2 Bd2 29. Re2 Bxc3 30. Kg2 Nc8 31. Nc7 Rb8 32. Re8+ Kg7 33. a3 Kf7
34. Rh8 Kg7 35. Rd8 Kf7 36. Rd7+ Ne7 37. Na6 Ra8 38. Nc7 Ra7 39. Bb6 Rxa3 40.
Bc5 Ra2+ 41. Kf3 Ra3 42. Rxe7+ Kf6 43. Ke2 Ra2+ 44. Kd3 Ra3 45. Kc2 Kg5 46.
Rxh7 Be1 47. b5 cxb5 48. Bxa3 b4 49. Bb2 Bg3 50. Nxd5 Bf4 51. Nxb4 Bd6 52. Nd5
Ba3 53. Bc3 Bc1 54. h4+ Kxg4 55. Kxc1 Kf5 56. Re7 Kg4 57. Be1 Kh5 58. Nf4+ Kh6
59. Re6 Kh7 60. Rxg6 Kh8 61. d5 Kh7 62. d6 Kh8 63. d7 Kh7 64. h5 Kh8 65. d8=Q+
Kh7 66. Qe7+ Kh8 67. Bc3# 1-0

[Event "2023 Perth Chess Club Championship"]
[Site "Woodvale, Perth WA AUS"]
[Date "2023.04.26"]
[Round "3"]
[White "Kerr, Lennon"]
[Black "Browning, Thomas"]
[Result "1-0"]
[WhiteElo "860"]
[BlackElo "1601"]
[PlyCount "99"]
[EventDate "2023.04.12"]
[EventType "swiss"]
[EventRounds "7"]
[EventCountry "AUS"]
[TimeControl "3600+30"]

1. e4 c5 2. Nf3 Nc6 3. d4 cxd4 4. Nxd4 e5 5. Nf3 Nf6 6. Nc3 Bb4 7. Bd3 O-O 8.
O-O d6 9. Bg5 Bg4 10. Nd5 Bc5 11. Nxf6+ gxf6 12. Bh6 Re8 13. Be2 Bxf3 14. Bxf3
Ne7 15. Be2 Kh8 16. Bh5 Ng6 17. Qd5 Qc7 18. b4 Bb6 19. a4 a5 20. bxa5 Rxa5 21.
Qb3 Rc8 22. Rfb1 Bd4 23. c3 Bxc3 24. Rc1 Rc5 25. Ra2 Qd7 26. h3 Qe6 27. Qb1
R8c6 28. Rac2 Qc8 29. Rd1 Bd4 30. Rxc5 Rxc5 31. Qb6 Rc6 32. Qb4 Bc5 33. Qb3 Qd7
34. Be2 Rb6 35. Bb5 Qe6 36. Qc3 Qc8 37. Qf3 Qd8 38. Qd3 Qg8 39. Qf3 Qd8 40. g3
Bd4 41. Qe2 d5 42. Qg4 dxe4 43. Rc1 Bxf2+ 44. Kh2 Bxg3+ 45. Kxg3 Rc6 46. Bxc6
bxc6 47. Rd1 Qb8 48. Qd7 Qb3+ 49. Kh2 Qa2+ 50. Rd2 1-0

[Event "2023 Perth Chess Club Championship"]
[Site "Woodvale, Perth WA AUS"]
[Date "2023.04.26"]
[Round "3"]
[White "Gough, Sebastian"]
[Black "Hounsome, David"]
[Result "0-1"]
[WhiteElo "1052"]
[BlackElo "1393"]
[PlyCount "74"]
[EventDate "2023.04.12"]
[EventType "swiss"]
[EventRounds "7"]
[EventCountry "AUS"]
[TimeControl "3600+30"]

1. d4 d5 2. c4 e6 3. Nc3 Nf6 4. e3 b6 5. cxd5 exd5 6. Nf3 Bb7 7. g3 Nbd7 8. Bg2
Be7 9. O-O O-O 10. Nd2 c5 11. Nb3 c4 12. Nd2 a6 13. e4 dxe4 14. Bxe4 Nxe4 15.
Ndxe4 Nf6 16. Nxf6+ Bxf6 17. Be3 b5 18. a3 Qd7 19. f3 Rfe8 20. Re1 Re7 21. Qd2
Bxf3 22. Kf2 Bb7 23. Re2 Rd8 24. Rd1 Qg4 25. Rf1 Kf8 26. Ke1 Bxd4 27. Bxd4 Rxd4
28. Qf4 Rxf4 29. Rxf4 Rxe2+ 30. Nxe2 Qe6 31. Rd4 Bf3 32. Rd2 g5 33. Rd8+ Ke7
34. Rd2 f5 35. Kf2 g4 36. Kf1 Kf6 37. Nf4 Qc6 0-1

[Event "2023 Perth Chess Club Championship"]
[Site "Woodvale, Perth WA AUS"]
[Date "2023.04.26"]
[Round "3"]
[White "Ross, Leo"]
[Black "Frankland, David"]
[Result "1-0"]
[WhiteElo "1233"]
[BlackElo "1047"]
[PlyCount "51"]
[EventDate "2023.04.12"]
[EventType "swiss"]
[EventRounds "7"]
[EventCountry "AUS"]
[TimeControl "3600+30"]

1. e4 e5 2. f4 Bd6 3. Nf3 exf4 4. d4 g5 5. h4 Be7 6. hxg5 Bxg5 7. Bc4 d6 8. c3
c6 9. Qb3 Nh6 10. Nbd2 b5 11. Bxb5 cxb5 12. Qxb5+ Qd7 13. Qxg5 Qe6 14. Rxh6 Qe7
15. Qxf4 Kd7 16. Nc4 f6 17. Rxf6 Ke8 18. Rxd6 Rf8 19. Qh2 Qxe4+ 20. Kf2 Qc2+
21. Bd2 Bg4 22. Re1+ Kf7 23. Qf4+ Kg8 24. Qxg4+ Kh8 25. Rd7 Rg8 26. Qxg8+ 1-0

[Event "2023 Perth Chess Club Championship"]
[Site "Woodvale, Perth WA AUS"]
[Date "2023.04.26"]
[Round "3"]
[White "Rennie, Mike"]
[Black "Young, Manfred"]
[Result "0-1"]
[WhiteElo "869"]
[BlackElo "1171"]
[PlyCount "72"]
[EventDate "2023.04.12"]
[EventType "swiss"]
[EventRounds "7"]
[EventCountry "AUS"]
[TimeControl "3600+30"]

1. e4 e5 2. d3 c5 3. Nf3 Nc6 4. Nc3 Nf6 5. Nd5 d6 6. Be2 h6 7. Bd2 Be6 8. Nh4
Nxd5 9. exd5 Bxd5 10. Bg4 Qxh4 11. Bf3 Bxf3 12. Qxf3 Nd4 13. Qd1 Be7 14. c3 Ne6
15. Qa4+ Qxa4 16. O-O O-O 17. b3 Qc6 18. g3 Bg5 19. Be1 f5 20. h4 Be7 21. a4
Qf3 22. Ra2 f4 23. Kh2 fxg3+ 24. fxg3 Qxf1 25. Ra1 Rf2+ 26. Bxf2 Qxa1 27. h5
Qxc3 28. Be3 Qxd3 29. a5 Qxe3 30. Kh3 Rf8 31. Kg4 Qg5+ 32. Kh3 Nf4+ 33. Kh2
Qxh5+ 34. Kg1 Qe2 35. gxf4 Rxf4 36. b4 Rf1# 0-1